00633nam a2200217Ia 4500003000900000008004100009020001800050040001600068080001200084100002400096245004400120260002900164300000900193650002500202650002300227650002700250650002800277942000700305999001500312952008800327IN-BaIIA211028s9999 xx 000 0 eng d a0-09-117101-6 cIIA Library a50bEDW aEdwards, R. A97893 0aOf measures and meaningscR. A. Edwards aLondonbHutchinsonc1973 a88p. a Measurements97894 a Measures 97895 aNASA thesaurus 97896 aScience general 97897 cBK c4506d4506 00104070aBANbBANcGENd1974-09-23l0o50/ EDWp5031r2021-11-05w1974-09-23yBK